Normal view
MARC view
- Valuation
Entry Topical Term
001 - CONTROL NUMBER
- control field: 36760
003 - CONTROL NUMBER IDENTIFIER
- control field: OSt
005 - DATE AND TIME OF LATEST TRANSACTION
- control field: 20141202155954.0
008 - FIXED-LENGTH DATA ELEMENTS
- fixed length control field: 141202|| aca||babn | a|a d
040 ## - CATALOGING SOURCE
- Original cataloging agency: OSt
150 ## - HEADING--TOPICAL TERM
- Topical term or geographic name as entry element: Valuation
450 ## - SEE FROM TRACING--TOPICAL TERM
- Topical term or geographic name entry element: Appraisal
450 ## - SEE FROM TRACING--TOPICAL TERM
- Topical term or geographic name entry element: Capitalization (Finance)
450 ## - SEE FROM TRACING--TOPICAL TERM
- Topical term or geographic name entry element: Economic valuation
450 ## - SEE FROM TRACING--TOPICAL TERM
- Topical term or geographic name entry element: Property
- General subdivision: Valuation
550 ## - SEE ALSO FROM TRACING--TOPICAL TERM
- Topical term or geographic name entry element: Accounting